000 00586nam a2200205Ia 4500
005 20250923144829.0
008 008 250917s9999 xx 000 0 eng d
037 _aTextual
040 _aDSWL
_beng
_cDSWL
041 _aeng
_2eng
084 _aXN51uz.N5, K1
_qDSWL
100 _aHoffman, Daniel P.
_9828858
245 0 _aIndia's social miracle
_cby Daniel P. Hoffman
260 _aCalifornia
_bNaturegraphCo. Healds
_c1961
300 _a168p.
365 _aUSD
_b2.95
925 _g2.95
942 _cTEXL
_hXN51uz.N5, K1
999 _c1443895
_d1443895